[Event "GER Pfingstopen U12"]
[Site "Playchess.com INT"]
[Date "2020.06.02"]
[Round "10"]
[White "Musch, Henning"]
[Black "Dorendorf, Mika"]
[Result "1-0"]
[WhiteElo "1620"]
[BlackElo "1494"]
[PlyCount "38"]
[EventDate "2020.06.02"]
[EventType "swiss (blitz)"]
[EventRounds "11"]
[EventCountry "GER"]
[SourceTitle "CBM 197 Extra"]
[Source "ChessBase"]
[SourceDate "2020.09.30"]
[SourceVersion "1"]
[SourceVersionDate "2020.09.30"]
[SourceQuality "1"]

1. d4 d5 2. c4 e6 3. Nc3 Nf6 4. Bg5 Bb4 5. Qa4+ Nc6 6. e3 0-0 7. Bxf6 Qxf6 8. cxd5 exd5 9. Nf3 Re8 10. Be2 Bg4 11. 0-0 Bxc3 12. bxc3 Re7 13. Qb3 Rb8 14. Qxd5 Rd7 15. Qe4 Re7 16. Qxg4 Nxd4 17. cxd4 Qxf3 18. Bxf3 Rxe3 19. fxe3 Rc8 1-0

[Event "GER Pfingstopen U12"]
[Site "Playchess.com INT"]
[Date "2020.06.02"]
[Round "4"]
[White "Musch, Henning"]
[Black "Roos, Valentin"]
[Result "0-1"]
[WhiteElo "1620"]
[BlackElo "1587"]
[PlyCount "64"]
[EventDate "2020.06.02"]
[EventType "swiss (blitz)"]
[EventRounds "11"]
[EventCountry "GER"]
[SourceTitle "CBM 197 Extra"]
[Source "ChessBase"]
[SourceDate "2020.09.30"]
[SourceVersion "1"]
[SourceVersionDate "2020.09.30"]
[SourceQuality "1"]

1. d4 d5 2. c4 e6 3. Nc3 Nf6 4. Bg5 Be7 5. Bxf6 Bxf6 6. Nf3 Bd7 7. cxd5 exd5 8. Nxd5 c6 9. Nxf6+ Qxf6 10. e3 Bg4 11. Be2 0-0 12. 0-0 Nd7 13. Nd2 Be6 14. Bf3 Rfe8 15. Qe2 Qg6 16. Rfd1 Nf6 17. Nf1 Ng4 18. Qd3 Qh5 19. h3 Rad8 20. hxg4 Bxg4 21. Bxg4 Qxg4 22. Qb3 b6 23. Rac1 Rd6 24. Nh2 Qg5 25. Nf3 Qg4 26. Ne5 Qf5 27. Rc2 Rf6 28. Rdc1 Ree6 29. Qb4 Rh6 30. Rxc6 Rxc6 31. Rxc6 Qb1+ 32. Qe1 Qxe1# 0-1

[Event "GER Pfingstopen U12"]
[Site "Playchess.com INT"]
[Date "2020.06.02"]
[Round "5"]
[White "Udelnov, Valentin"]
[Black "Musch, Henning"]
[Result "1-0"]
[WhiteElo "1516"]
[BlackElo "1620"]
[PlyCount "57"]
[EventDate "2020.06.02"]
[EventType "swiss (blitz)"]
[EventRounds "11"]
[EventCountry "GER"]
[SourceTitle "CBM 197 Extra"]
[Source "ChessBase"]
[SourceDate "2020.09.30"]
[SourceVersion "1"]
[SourceVersionDate "2020.09.30"]
[SourceQuality "1"]

1. e4 d5 2. exd5 Qxd5 3. Nc3 Qa5 4. Nf3 Bg4 5. d4 c6 6. h3 Bxf3 7. Qxf3 Nf6 8. Bd2 Qc7 9. 0-0-0 e6 10. g4 Nbd7 11. g5 Nd5 12. Nxd5 cxd5 13. Re1 Be7 14. Bf4 Qc6 15. Re3 0-0 16. Rc3 Qa6 17. Bxa6 bxa6 18. h4 Rab8 19. Bxb8 Rxb8 20. Qg3 Bb4 21. Rc7 Nf8 22. Rxa7 a5 23. Qxb8 f6 24. a3 Bxa3 25. bxa3 fxg5 26. Ra8 h6 27. Qxf8+ Kh7 28. h5 g6 29. Qf7# 1-0

[Event "GER Pfingstopen U12"]
[Site "Playchess.com INT"]
[Date "2020.06.02"]
[Round "11"]
[White "Werner, Florin"]
[Black "Musch, Henning"]
[Result "0-1"]
[WhiteElo "1357"]
[BlackElo "1620"]
[PlyCount "72"]
[EventDate "2020.06.02"]
[EventType "swiss (blitz)"]
[EventRounds "11"]
[EventCountry "GER"]
[SourceTitle "CBM 197 Extra"]
[Source "ChessBase"]
[SourceDate "2020.09.30"]
[SourceVersion "1"]
[SourceVersionDate "2020.09.30"]
[SourceQuality "1"]

1. e4 d5 2. exd5 Qxd5 3. Nc3 Qa5 4. d4 c6 5. Nf3 Bg4 6. Be2 Bxf3 7. Bxf3 e6 8. Be3 Nf6 9. Qd2 Bb4 10. a3 Bxc3 11. bxc3 Nbd7 12. 0-0 0-0 13. Rfb1 b5 14. Bxc6 Rac8 15. Bxb5 Qxc3 16. Qxc3 Rxc3 17. Bxd7 Nxd7 18. Rb2 Rfc8 19. Rab1 Rxc2 20. Rxc2 Rxc2 21. Rb7 Nf8 22. Rxa7 Rb2 23. g3 Rb1+ 24. Kg2 h6 25. Ra8 Ra1 26. a4 f6 27. a5 Kf7 28. a6 Ke7 29. a7 Nd7 30. d5 exd5 31. Bf4 Nb6 32. Rb8 Rxa7 33. Rxb6 Rd7 34. Rb1 d4 35. Rd1 d3 36. Rd2 g5 0-1